แสดงรายละเอียดบรรณานุกรม
  กลับหน้าหลัก

Brief Record : Get Marc (ISO 2709) : E-mail record : QR code ปิดหน้าต่าง
E-books : เกี่ยวกับ Collections
LEADER 00000nam 2200000uu 4500
001    211085
003     ULIBM
008    020711s2015 th a 000 0 eng d
020    9781451187496
041    ^aEng
060  4 QS39 M822e 2015
100    Moore,Keith L.
245    Essential clinical anatomy/^cKeith L. Moore,Anne M.R. Agur,Arthur F. Dalley II.
250    5th ed.
260    Philadelphia :^bWotters Kluwer Health,^c2015
300    xxiv,686pages :^bill ;^c27 cm
504    ^aIncludes bibliographical references and index
650  4 ^aAnatomy^xHandbooks
650  4 ^aHuman anatomy^xHandbooks,manuals,etc.
650  4 ^aHuman anatomy^xAtlases
700 0  ^aAgur, Anne M.R.,^eed.
700 0  ^aDalley II, Arthur F.,^eed.
999    ^aใช้งานได้ทุกระบบ
รายการนี้ยังไม่มีแท็ก
คุณยังไม่ได้ล็อกอิน คุณสามารถมีกิจกรรมร่วมกับเว็บไซต์ได้ แต่ต้องล็อกอินก่อน ::
  ล็อกอิน
ลำดับที่ ประเภท เลขเรียก สถานที่ สถานะ
1. วิทยาศาสตร์สุขภาพ
วิทยาศาสตร์สุขภาพ
QS39 M822e 2015 c.1 
  
วิทยาศาสตร์สุขภาพ On Shelf
  ขอยืม
Note:งบประมาณปี2559
   [แสดง 1/1 รายการ]

รายการใกล้เคียง
    ผู้แต่ง [Moore,Keith L.]

    หัวเรื่อง [Human anatomy Atlases]

BibComment


ยังไม่เคยถูกคอมเมนท์

คอมเมนท์ทรัพยากรรายการนี้
  คอมเมนท์: Essential clinica..
Bib 211085

 
 
 

 Union Library Management : ULibM
Copyright 2026. All Rights Reserved.
скачать бесплатно без регистрации порно красивый секс HD Sex Hindi sex

xxx gou

xxxx

bfxxx

xxxwww

Секса Видео

xxxx

Секса Видео

detube

geilexxx

C99 Shell

worms shell

blod xxx video
Ebony Coed Rihanna Rimes Takes A Dick In Her Young Twat priyaa indian fuck anal and pusssy hardcore indian women xxx desi hardcore fucking part 1 bengalixxxcouple